• 首页
  • 本馆介绍
  • 公告通知
  • 最新文献
  • 馆藏检索
  • 电子资源
  • 读者导购
  • 参考咨询
  • 我的图书馆
  • 登录
  • 详细信息显示
  • 放入我的书架
  • 预约/预借图书
  • 作者相关作品
  • 分类相关作品
  • 丛书相关作品
  • 出版社相关作品

书目信息

  • 表格格式
  • 工作单格式
  • 卡片格式
题名:
五笔打字与Word排版
    
 
作者: 博振书苑 编著
分册:  
出版信息: 北京   中国铁道出版社  2007.04
页数: 145页
开本: 26cm
丛书名:
单 册:
中图分类: TP391.14
科图分类:
主题词: 计算机应用
电子资源:
ISBN: 978-7-113-07688-7
000 00611nam0 2200205 450
001 0932546997
005 20091218091035.81
010    @a978-7-113-07688-7@dCNY18.00
100    @a20091217d2007 km y0chiy0120 ea
101 0  @achi
102    @aCN@b110000
200 1  @a五笔打字与Word排版@Awu bi da zi yu Word pai ban@f博振书苑编著@Fbo zhen shu yuan bian zhu
210    @a北京@c中国铁道出版社@d2007.04
215    @a145页@d26cm@e光盘1张
300    @a如此简单
606 0  @a计算机应用
690    @aTP391.14@v4
701  0 @a博振书苑@Abo zhen shu yuan@4编著
801  0 @aCN@bNISOFT@c20091218
905    @aBZT@dTP391.14@e17
    
    五笔打字与Word排版/博振书苑编著.-北京:中国铁道出版社,2007.04
    145页;26cm+光盘1张
    如此简单
    
    ISBN 978-7-113-07688-7:CNY18.00
    
●
相关链接 在五车中查询图书 在当当中查询图书 在豆瓣中查询图书


正题名:五笔打字与Word排版     索取号:TP391.14/17         预约/预借

序号 登录号 条形码 馆藏地/架位号 状态 备注
1 728055   2000728055   样本书库/样003架A面3层1列/ [索取号:TP391.14/17] 在馆    
2 728056   2000728056   中心书库中库/ 中库027架A面9列1层41/ [索取号:TP391.14/17] 在馆    
3 728057   2000728057   中心书库中库/ 中库027架A面9列1层43/ [索取号:TP391.14/17] 在馆    
4 728058   2000728058   中心书库中库/ 中库027架A面9列1层45/ [索取号:TP391.14/17] 在馆    
5 728059   2000728059   中心书库中库/ 中库027架A面9列1层42/ [索取号:TP391.14/17] 在馆    
6 728060   2000728060   中心书库中库/ 中库027架A面9列1层44/ [索取号:TP391.14/17] 在馆    
山东省滨州职业学院图书馆 欢迎您!
大连网信软件有限公司© 版权所有